| 000 | 00713cam a22002533a 4500 | ||
|---|---|---|---|
| 001 | 790 | ||
| 003 | PGUSA | ||
| 005 | 20140828082953.0 | ||
| 008 | 970101s1997||||xxu|||||s|||||000 | eng d | ||
| 040 |
_aPGUSA _beng |
||
| 042 | _adc | ||
| 050 | 4 | _aPR | |
| 100 | 1 |
_aWilde, Oscar, _d1854-1900 |
|
| 245 | 1 | 0 |
_aLady Windermere's Fan _h[electronic resource] / _cOscar Wilde |
| 260 |
_bProject Gutenberg, _c1997 |
||
| 506 | _aPublic domain in the USA. | ||
| 516 | _aElectronic text | ||
| 653 | _aMothers and daughters -- Drama | ||
| 653 | _aMarriage -- Drama | ||
| 653 | _aAristocracy (Social class) -- Drama | ||
| 830 | 0 |
_aProject Gutenberg _v790 |
|
| 856 | 4 | 0 | _uhttp://www.gutenberg.org/ebooks/790 |
| 942 | _cEB | ||
| 999 |
_c230141 _d230141 |
||